Responses for Show #2216 - Monday, April 4, 1994

Contestants

[<< previous game]

Ali Vaezy, a medical student from Lexington, Kentucky

Claude Sandroff, a research scientist originally from New York City, New York

Russell McConnell, an actor from Los Angeles, California (whose 1-day cash winnings total $10,399)

[next game >>]

Jeopardy! Round responses

20th CENTURY AMERICA
TV "ADVENTURES"
COLLEGES & UNIVERSITIES
LITERARY ANIMALS
FASHION ACCESSORIES
SLANG
    $100 9
the Empire State Building

Ali
    $100 1
The Adventures of Robin Hood

Ali
    $100 2
Georgia Tech

Russell
    $100 16
Lassie

Claude
    $100 26
the lapel

Russell
    $100 17
heaven

Russell
    $200 10
(Ali: What is Hawaii?)

Alaska

RussellAli
    $200 3
(Russell: What is Rin Tin Tin?)
...
(Alex: Oh, you forgot the category, Russell. What is [*]?)

The Adventures of Rin Tin Tin

Russell
Triple Stumper
    $200 7
Frank Lloyd Wright

Russell
    $200 18
Piglet

Triple Stumper
    $200 27
a hat

Russell
    $200 22
the dark

Ali
    $300 11
Cuba

Ali
    $300 4
The Adventures of Superman

Russell
    $300 8
the University of Miami

Claude
    $300 19
Bell, Book and Candle

Russell
    $300 28
a choker

Ali
    $300 23
New Zealand

Russell
    $400 12
phonograph records

Russell
    $400 5
The Adventures of Ozzie and Harriet

Ali
    $1,200 14
Brigham Young

Ali
    $400 20
the Dormouse

Russell
    $400 29
a plume

Triple Stumper
    $400 24
death

Claude
    $500 13
(Bruno) Hauptmann

Ali
    $500 6
Adventures in Paradise

Russell
    $500 15
(Claude: What is Princeton?)

Rutgers

RussellClaude
    $500 21
White Fang

Ali
    $500 30
(Claude: What is an [*]'s jacket?)

aviator jacket (bomber jacket)

Claude
    $500 25
geology

Ali

Scores at the first commercial break (after clue 15):

Russell Claude Ali
$2,000 -$200 $2,400

Scores at the end of the Jeopardy! Round:

Russell Claude Ali
$3,400 $800 $3,900

Double Jeopardy! Round responses

WORLD HISTORY
ARTISTS
BIOLOGY
NAMES
U.S. CITIES
PLAYS
    $200 1
Egypt

Russell
    $200 6
Germany

Russell
    $200 7
chlorophyll

Ali
    $200 26
Louis

Claude
    $200 13
New York City

Ali
    $200 12
(Joseph) Heller

Claude
    $400 2
Protestantism

Ali
    $400 8
(Claude: What is father?)
...
(Alex: Andrew came in between.)

grandfather

ClaudeAli
    $400 22
cholesterol

Claude
    $400 27
Merlin

Ali
    $400 17
Atlanta

Ali
    $400 14
Eugene O'Neill

Ali
    $600 3
Denmark

Ali
    $600 9
Modigliani

Ali
    $600 23
in vitro

Ali
    $600 28
Chiquita

Ali
    $1,500 19
Detroit

Ali
    $4,000 15
(Ali: What is The Gin Game?)

On Golden Pond

Ali
    $800 4
(Claude: Who is Genghis Khan?)

Tamerlane (Timur the Lame)

ClaudeAli
    $800 10
Goya

Ali
    $800 24
a helix

Russell
    $800 29
John

Ali
    $800 20
(Russell: What is Topeka?)

Wichita

Russell
Triple Stumper
    $800 16
Mister Roberts

Russell
    $1000 5
(Jacques) Cartier

Claude
    $1000 11
(Russell: Who is Picasso?)

Braque

RussellAli
    $1000 25
flagella

Claude
    $1000 30
Gamaliel

Ali
    $1000 21
Vermont

Ali
    $1000 18
Sunrise at Campobello

Ali

Scores at the end of the Double Jeopardy! Round:

Russell Claude Ali
$3,600 $2,400 $12,600
(lock game)

[wagering suggestions for these scores]

Final Jeopardy! Round responses

VICE PRESIDENTS
ClaudeWho was Aspin
$1,201
RussellWho is Barkley
$1,201
AliWho is Mondale?
$2,400
Walter Mondale

Final scores:

Russell Claude Ali
$2,399 $1,199 $15,000
2nd place: trip to Honolulu, Hawaii 3rd place: MainStreet Messenger personal emergency response system + Wheel of Fortune & Jeopardy! games for the Super Nintendo & Sega Genesis New champion: $15,000

Game dynamics:

Coryat scores:

Russell Claude Ali
$3,600 $2,400 $14,900
17 R,
3 W
9 R,
3 W
29 R
(including 2 DDs),
2 W
(including 1 DD)

Combined Coryat: $20,900

[game clues] [game scores] [suggest correction]

Game tape date: 1994-01-10
The J! Archive is created by fans, for fans. Scraping, republication, monetization, and malicious use prohibited; this site may use cookies and collect identifying information. See terms. The Jeopardy! game show and all elements thereof, including but not limited to copyright and trademark thereto, are the property of Jeopardy Productions, Inc. and are protected under law. This website is not affiliated with, sponsored by, or operated by Jeopardy Productions, Inc. Join the discussion at JBoard.tv.